Logo BPK

Biblioteka

Politechniki Koszalińskiej

Architektura potokowa specjalizowanych procesorów sprzętowych do wstępnego przetwarzania obrazów w systemach wizyjnych czasu rzeczywistego / (Rekord nr 38337)

Szczegóły MARC
000 -ETYKIETA REKORDU
podpole kontrolne o stałej długości 01227nam a2200253 i 4500
001 - NUMER KONTROLNY REKORDU
pole kontrolne bg
040 ## - ŹRÓDŁO KATALOGOWANIA
Instytucja, która utworzyła rekord BPK
041 0# - KOD JĘZYKA
Kod języka tekstu pl
Kod języka streszczenia lub abstraktu en
080 ## - UNIWERSALNA KLASYFIKACJA DZIESIĘTNA - UKD
UKD 004.932:004.031.43:004.31
008 - POLE O STAŁEJ DŁUGOŚCI - DANE KONTROLNE
podpole kontrolne o stałej długości s pl f |000 0 pol
100 1# - NAZWA OSOBOWA
Nazwa osobowa WIATR, Kazimierz
245 10 - TYTUŁ/ODPOWIEDZIALNOŚĆ
Tytuł Architektura potokowa specjalizowanych procesorów sprzętowych do wstępnego przetwarzania obrazów w systemach wizyjnych czasu rzeczywistego /
Pozostałe elementy strefy tytułu i oznaczenia odpowiedzialności Kazimierz Wiatr.
246 11 - WARIANT TYTUŁU
Tytuł Pipeline architecture of specialized hardware processors for real-time image pre-processing
260 ## - STREFA ADRESU WYDAWNICZEGO
Miejsce wydania Kraków :
Nazwa wydawcy/dystrybutora Wydawnictwa AGH,
Data publikacji, dystrybucji/powstania dokumentu 1998.
300 ## - STREFA OPISU FIZYCZNEGO
Objętość 151, [1] s. :
Inne cechy fizyczne fot., rys., wykr. ;
Rozmiary 24 cm.
490 1# - STREFA SERII I DOKUMENTU WIELOCZĘŚCIOWEGO - FORMA NIE DO WYSZUKIWANIA
Tytuł i oznaczenie odpowiedzialności serii Rozprawy, Monografie / [Akademia Górniczo-Hutnicza im. Stanisława Staszica] =
-- Dissertations, Monographies,
ISSN 0867-6631 ;
Numeracja w obrębie serii 67
500 ## - UWAGI OGÓLNE
Tekst uwagi Tyt. równol. : Pipeline architecture of specialized hardware processors for real-time image pre-processing. - Streszcz. ang.
504 ## - UWAGA DOTYCZĄCA BIBLIOGRAFII
Informacje o bibliografii Bibliogr. s. 144-[152].
650 #9 - HASŁO PRZEDMIOTOWE W FORMIE NAZWY OGÓLNEJ LUB JEDNOSTKOWEJ
Nazwa ogólna lub geograficzna Procesor
Określnik ogólny budowa i organizacja
650 #9 - HASŁO PRZEDMIOTOWE W FORMIE NAZWY OGÓLNEJ LUB JEDNOSTKOWEJ
Nazwa ogólna lub geograficzna Przetwarzanie danych w czasie rzeczywistym
650 #9 - HASŁO PRZEDMIOTOWE W FORMIE NAZWY OGÓLNEJ LUB JEDNOSTKOWEJ
Nazwa ogólna lub geograficzna Przetwarzanie obrazów
830 #0 - HASŁO DODATKOWE SERII LUB DOKUMENTU WIELOCZĘŚCIOWEGO - TYTUŁ UJEDNOLICONY
Tytuł ujednolicony Rozprawy, Monografie ([Akademia Górniczo-Hutnicza im. Stanisława Staszica]) ;
Oznaczenie tomu 67
856 ## - LOKALIZACJA I DOSTĘP DO ELEKTRONICZNYCH DOKUMENTÓW ZDALNYCH
Link (URL) http://koha.tu.koszalin.pl/cgi-bin/koha/opac-detail.pl?biblionumber=38337
Tekst linku Katalog online BPK
942 ## - DODATKOWE ELEMENTY (KOHA)
Typ dokumentu Książka
Egzemplarze
Wycofany Status egzemplarza Uszkodzony Dostępność Lokalizacja stała Lokalizacja bieżąca Miejsce przechowywania Sygnatura Kod kreskowy Typ dokumentu
      Dostępny Biblioteka Politechniki Koszalińskiej Biblioteka Politechniki Koszalińskiej Wypożyczalnia BG 55825 01511987 Książka
© 2023 Biblioteka Politechniki Koszalińskiej :: KOHA